<?xml version="1.0" encoding="UTF-8"?>
<record
    xmlns:xsi="http://www.w3.org/2001/XMLSchema-instance"
    xsi:schemaLocation="http://www.loc.gov/MARC21/slim http://www.loc.gov/standards/marcxml/schema/MARC21slim.xsd"
    xmlns="http://www.loc.gov/MARC21/slim">

  <leader>02146cam a22002533a 4500</leader>
  <controlfield tag="001">19325</controlfield>
  <controlfield tag="003">PGUSA</controlfield>
  <controlfield tag="005">20140828083417.0</controlfield>
  <controlfield tag="008">060918s2006||||xxu|||||s|||||000 | eng d</controlfield>
  <datafield tag="040" ind1=" " ind2=" ">
    <subfield code="a">PGUSA</subfield>
    <subfield code="b">eng</subfield>
  </datafield>
  <datafield tag="042" ind1=" " ind2=" ">
    <subfield code="a">dc</subfield>
  </datafield>
  <datafield tag="050" ind1=" " ind2="4">
    <subfield code="a">PN</subfield>
  </datafield>
  <datafield tag="245" ind1="1" ind2="4">
    <subfield code="a">The Wit and Humor of America, Volume VII. (of X.)</subfield>
    <subfield code="h">[electronic resource]</subfield>
  </datafield>
  <datafield tag="260" ind1=" " ind2=" ">
    <subfield code="b">Project Gutenberg,</subfield>
    <subfield code="c">2006</subfield>
  </datafield>
  <datafield tag="505" ind1="0" ind2=" ">
    <subfield code="a">Alphabet of Celebrities, by Herford -- Assault and Battery, by Baldwin -- The Associated Widows, by Roof -- Bill Nations, by Arp -- The Brakeman at Church, by Burdette -- Breitmann and the Turners, by Leland -- By Bay and Sea, by Bangs -- The Camp-Meeting, by Hall -- The Critic, by Lampton -- A Cupid, A Crook, by Townsend -- The Dubious Future, by Nye -- An Educational Project, by Greene -- Fable, by Emerson -- The Goat, by Munkittrick -- The Happy Land, by Batchelder -- He and She, by Ironquill -- Holly Song, by Scollard -- How Mr. Terrapin Lost His Beard, by Culbertson -- How Mr. Terrapin Lost His Plumage and Whistle, by Culbertson -- In Defense of an Offering, by Ford -- It is Time to Begin to Conclude, by Laidlaw -- Jack Balcomb's Pleasant Ways, by Nicholson -- The Lost Inventor, by Irwin -- Margins, by Burdette -- My Cigarette, by Lummis -- Nonsense Verses, by Burgess -- Notary of Perigueux, by Longfellow -- Nothin' Done, by Stinson -- Omar in the Klondyke, by Sutherland -- The Prayer of Cyrus Brown, by Foss -- A Rhyme for Christmas, by Challing -- The Siege of Djklxprwbz, by Ironquill -- The Skeleton in the Closet, by Hale -- Songs Without Words, by Burdette -- Talk, by Paul -- Triolets -- Two Cases of Grip, by Quad -- Utah, by Field -- The Wicked Zebra, by Batchelder -- Winter Fancy, by Munkittrick -- What She Said About It, by Paul -- The Woman-Hater Reformed, by Greene -- Women and Bargains, by Allen.</subfield>
  </datafield>
  <datafield tag="506" ind1=" " ind2=" ">
    <subfield code="a">Public domain in the USA.</subfield>
  </datafield>
  <datafield tag="516" ind1=" " ind2=" ">
    <subfield code="a">Electronic text</subfield>
  </datafield>
  <datafield tag="653" ind1=" " ind2=" ">
    <subfield code="a">American wit and humor</subfield>
  </datafield>
  <datafield tag="653" ind1=" " ind2=" ">
    <subfield code="a">American literature -- Humor</subfield>
  </datafield>
  <datafield tag="700" ind1="1" ind2=" ">
    <subfield code="a">Wilder, Marshall Pinckney,</subfield>
    <subfield code="d">1859-1915</subfield>
  </datafield>
  <datafield tag="830" ind1=" " ind2="0">
    <subfield code="a">Project Gutenberg</subfield>
    <subfield code="v">19325</subfield>
  </datafield>
  <datafield tag="856" ind1="4" ind2="0">
    <subfield code="u">http://www.gutenberg.org/ebooks/19325</subfield>
  </datafield>
  <datafield tag="942" ind1=" " ind2=" ">
    <subfield code="c">EB</subfield>
  </datafield>
  <datafield tag="999" ind1=" " ind2=" ">
    <subfield code="c">248580</subfield>
    <subfield code="d">248580</subfield>
  </datafield>
  <datafield tag="952" ind1=" " ind2=" ">
    <subfield code="0">0</subfield>
    <subfield code="1">0</subfield>
    <subfield code="4">0</subfield>
    <subfield code="a">GTB</subfield>
    <subfield code="b">GTB</subfield>
    <subfield code="d">2014-08-28</subfield>
    <subfield code="l">0</subfield>
    <subfield code="r">2014-08-28 00:00:00</subfield>
    <subfield code="w">2014-08-28</subfield>
    <subfield code="y">EB</subfield>
  </datafield>
</record>
